|
|
|
|
| LEADER |
01525nam a2200457 i 4500 |
| 001 |
nkc20213301564 |
| 003 |
CZ PrNK |
| 005 |
20210412094435.0 |
| 007 |
ta |
| 008 |
210107s2020 xr e f 000 0 cze |
| 015 |
|
|
|a cnb003301564
|
| 020 |
|
|
|a 978-80-88398-04-2
|q (brožováno)
|
| 035 |
|
|
|a (OCoLC)1240908647
|
| 040 |
|
|
|a ABA001
|b cze
|e rda
|
| 072 |
|
7 |
|a 005
|x Management. Řízení
|2 Konspekt
|9 4
|
| 080 |
|
|
|a 005.336.5
|2 MRF
|
| 080 |
|
|
|a 316.46
|2 MRF
|
| 080 |
|
|
|a (035)
|2 MRF
|
| 100 |
1 |
|
|a Bočková, Kateřina,
|d 1976-
|7 jo20211100027
|4 aut
|
| 245 |
1 |
0 |
|a Jak snadné je být dobrý manažer a vůdce /
|c Kateřina Bočková
|
| 246 |
3 |
0 |
|a Být dobrý manažer a vůdce
|
| 250 |
|
|
|a První vydání
|
| 264 |
|
1 |
|a Uherské Hradiště :
|b Akademie krizového řízení a managementu s.r.o.,
|c 2020
|
| 300 |
|
|
|a 11 stran ;
|c 21 cm
|
| 336 |
|
|
|a text
|b txt
|2 rdacontent
|
| 337 |
|
|
|a bez média
|b n
|2 rdamedia
|
| 338 |
|
|
|a svazek
|b nc
|2 rdacarrier
|
| 490 |
1 |
|
|a Jak snadné je...
|
| 500 |
|
|
|a 200 výtisků
|
| 650 |
0 |
7 |
|a manažerské dovednosti
|7 ph472867
|2 czenas
|
| 650 |
0 |
7 |
|a vůdcovství
|7 ph127401
|2 czenas
|
| 650 |
0 |
9 |
|a management skills
|2 eczenas
|
| 650 |
0 |
9 |
|a leadership
|2 eczenas
|
| 655 |
|
7 |
|a příručky
|7 fd133209
|2 czenas
|
| 655 |
|
9 |
|a handbooks and manuals
|2 eczenas
|
| 830 |
|
0 |
|a Jak snadné je...
|0 s
|
| 910 |
2 |
|
|a BOA001
|b 2-1460.282
|
| 990 |
|
|
|a BK
|
| 995 |
|
|
|a 01
|
| 991 |
|
|
|b 202104
|c NOV
|
| 996 |
6 |
|
|b 2610852894
|c 2-1460.282
|l MZK
|r Sklad / do 1 hodiny
|n 3
|p p.v.
|w 001840723
|u 000010
|a 1
|e BOA001
|j MZK50
|s P
|